000 02386nam a2200277 a 4500
008 160222s2006 ||||||||||||||||| || u
020 _a9781904842309
050 _aQH 581 Coo
100 _aCook, D.J
245 1 0 _aCellular pathology: an introduction to techniques and applications. (2nd ed.)
_cBy D.J. Cook
250 _a2nd ed.
260 _aOxfordshire
_bButterworth-Heinemann
_c2006
300 _axxxii, 384p.: ill.
350 _a45.00
650 _aPATHOLOGY, CELLULAR
995 _aMICHAEL CHILUFYA SATA OPEN ACCESS
_e903513
_FCBU-SCHOOL OF MEDICINE LIBRARY (Ndola)
_I45.00
_jQH 581 Coo
_M1
_UAVAILABLE
_WMar 30, 2016
_y903513
_ZMedical Library Open Access Collection
995 _aMICHAEL CHILUFYA SATA OPEN ACCESS
_e903515
_FCBU-SCHOOL OF MEDICINE LIBRARY (Ndola)
_I45.00
_jQH 581 Coo
_M3
_UAVAILABLE
_WMar 30, 2016
_y903515
_ZMedical Library Open Access Collection
995 _aMICHAEL CHILUFYA SATA OPEN ACCESS
_e903519
_FCBU-SCHOOL OF MEDICINE LIBRARY (Ndola)
_I45.00
_jQH 581 Coo
_M7
_UAVAILABLE
_WMar 30, 2016
_y903519
_ZMedical Library Open Access Collection
995 _aMEDICAL LIBRARY OPEN ACCESS
_e903616
_FCBU-SCHOOL OF MEDICINE LIBRARY (Ndola)
_I45.00
_jQH 581 Coo
_M10
_UAVAILABLE
_WMar 30, 2016
_y903616
_ZMedical Library Open Access Collection
995 _aMICHAEL CHILUFYA SATA OPEN ACCESS
_e903514
_FCBU-SCHOOL OF MEDICINE LIBRARY (Ndola)
_I45.00
_jQH 581 Coo
_M2
_UAVAILABLE
_WMar 30, 2016
_y903514
_ZMedical Library Open Access Collection
995 _aMEDICAL LIBRARY OPEN ACCESS
_e903517
_FCBU-SCHOOL OF MEDICINE LIBRARY (Ndola)
_I45.00
_jQH 581 Coo
_M5
_UAVAILABLE
_WMar 30, 2016
_y903517
_ZMedical Library Open Access Collection
995 _aMICHAEL CHILUFYA SATA OPEN ACCESS
_e903516
_FCBU-SCHOOL OF MEDICINE LIBRARY (Ndola)
_I45.00
_jQH 581 Coo
_M4
_UAVAILABLE
_WMar 30, 2016
_y903516
_ZMedical Library Open Access Collection
995 _aMICHAEL CHILUFYA SATA OPEN ACCESS
_e903615
_FCBU-SCHOOL OF MEDICINE LIBRARY (Ndola)
_I45.00
_jQH 581 Coo
_M9
_UAVAILABLE
_WMar 30, 2016
_y903615
_ZMedical Library Open Access Collection
995 _aMICHAEL CHILUFYA SATA OPEN ACCESS
_e903520
_FCBU-SCHOOL OF MEDICINE LIBRARY (Ndola)
_I45.00
_jQH 581 Coo
_M8
_UAVAILABLE
_WMar 30, 2016
_y903520
_ZMedical Library Open Access Collection
995 _aMEDICAL LIBRARY OPEN ACCESS
_e903518
_FCBU-SCHOOL OF MEDICINE LIBRARY (Ndola)
_I45.00
_jQH 581 Coo
_M6
_UAVAILABLE
_WMar 30, 2016
_y903518
_ZMedical Library Open Access Collection
999 _c63971
_d63971